Korporačné riadenie vo finančnom sektore USA ako predzvesť finančnej krízy

Problémy korporačného riadenia v bankovom sektore USA. Americké poisťovne v špirále finančných problémov.

Salvato in:
Dettagli Bibliografici
Autore principale: Vojtovič, Sergej
Natura: Capitolo di libro
Lingua:slovacco
Soggetti:
Tags: Aggiungi Tag
Nessun Tag, puoi essere il primo ad aggiungerne!!

MARC

LEADER 00000nla$a2200000$$$4500
001 0130238
005 20231121083538.8
041 0 |a slo 
044 |a SK 
245 1 0 |a Korporačné riadenie vo finančnom sektore USA ako predzvesť finančnej krízy  |c Sergej Vojtovič 
520 |a Problémy korporačného riadenia v bankovom sektore USA. Americké poisťovne v špirále finančných problémov. 
610 2 0 |a bankovníctvo 
610 2 0 |a riadenie 
610 2 0 |a kontrola 
610 2 0 |a trh finančný 
610 2 0 |a kríza finančná 
610 2 0 |a USA 
100 1 |a Vojtovič, Sergej